[Event "Leipzig VfB op 23rd"]
[Site "Leipzig"]
[Date "2016.03.17"]
[Round "4"]
[White "Friedel, Roland"]
[Black "Ditz, Roland"]
[Result "1/2-1/2"]
[WhiteElo "1612"]
[BlackElo "1700"]
[PlyCount "35"]
[EventDate "2016.03.15"]
[EventType "swiss"]
[EventRounds "9"]
[EventCountry "GER"]
[SourceTitle "EXT 2017"]
[Source "ChessBase"]
[SourceDate "2016.10.25"]
[SourceVersion "1"]
[SourceVersionDate "2016.10.25"]
[SourceQuality "1"]

1. d4 d5 2. Nf3 e6 3. Bg5 Be7 4. Bf4 Nf6 5. Nbd2 0-0 6. e3 c5 7. c3 c4 8. Be2 b5 9. Qc2 Nc6 10. e4 b4 11. e5 Nd7 12. h4 f5 13. Bg5 h6 14. Bxe7 Qxe7 15. g3 bxc3 16. bxc3 Qa3 17. 0-0 Rb8 18. Rfb1 1/2-1/2

[Event "Leipzig VfB op 22nd"]
[Site "Leipzig"]
[Date "2015.03.05"]
[Round "5"]
[White "Ditz, Roland"]
[Black "Thesing, Ansgar"]
[Result "0-1"]
[WhiteElo "1709"]
[BlackElo "1890"]
[PlyCount "94"]
[EventDate "2015.03.03"]
[EventType "swiss"]
[EventRounds "9"]
[EventCountry "GER"]
[SourceTitle "EXT 2016"]
[Source "ChessBase"]
[SourceDate "2015.10.08"]
[SourceVersion "1"]
[SourceVersionDate "2015.10.08"]
[SourceQuality "1"]

1. e4 c5 2. Nf3 d6 3. d4 cxd4 4. Nxd4 Nf6 5. Nc3 a6 6. Be2 e6 7. Be3 Be7 8. 0-0 0-0 9. Qd2 Qc7 10. f3 b5 11. a3 Bb7 12. Rad1 Rd8 13. Qc1 Nbd7 14. Rd2 Rac8 15. Rfd1 Nb6 16. Ndxb5 axb5 17. Nxb5 Qc6 18. Na7 Qc7 19. Nxc8 Rxc8 20. Bb5 d5 21. exd5 Nfxd5 22. Bf2 Bg5 23. a4 h6 24. c3 Nc4 25. Bxc4 Qxc4 26. Rd4 Bxc1 27. Rxc4 Rxc4 28. Rxc1 Rxa4 29. c4 Nf4 30. b3 Ne2+ 31. Kf1 Nxc1 32. bxa4 Ba6 33. Ke1 Nd3+ 34. Ke2 Nxf2 35. Kxf2 Bxc4 36. Ke3 Kf8 37. Kd4 Bd5 38. Kc5 Ke7 39. Kb6 Kd6 40. a5 f5 41. a6 e5 42. Kb5 e4 43. fxe4 fxe4 44. Kb4 Ke5 45. Kc3 Kf4 46. Kd2 e3+ 47. Ke2 Bc4+ 0-1

[Event "Leipzig VfB op 13th"]
[Site "Leipzig"]
[Date "2006.03.16"]
[Round "5"]
[White "Ditz, Roland"]
[Black "Schmitz, Manuela"]
[Result "0-1"]
[WhiteElo "1836"]
[BlackElo "2067"]
[PlyCount "52"]
[EventDate "2006.03.14"]
[EventType "swiss"]
[EventRounds "9"]
[EventCountry "GER"]
[SourceTitle "EXT 2008"]
[Source "ChessBase"]
[SourceDate "2007.11.25"]
[SourceVersion "1"]
[SourceVersionDate "2007.11.25"]
[SourceQuality "1"]

1. e4 e6 2. d4 d5 3. Nc3 Bb4 4. e5 c5 5. a3 Bxc3+ 6. bxc3 Qc7 7. Nf3 Bd7 8. Be2 Ba4 9. Bd3 c4 10. Be2 Nc6 11. 0-0 0-0-0 12. Bf4 h6 13. Qc1 g5 14. Bg3 Nge7 15. h3 Nf5 16. Bh2 Rdg8 17. g4 Nfe7 18. Nd2 Ng6 19. f4 Nxf4 20. Bxf4 gxf4 21. Rxf4 h5 22. Qf1 Rg7 23. Rc1 Qe7 24. Rf6 b5 25. Nb1 Nd8 26. Kh2 hxg4 0-1

[Event "Leipzig VfB op 13th"]
[Site "Leipzig"]
[Date "2006.03.16"]
[Round "4"]
[White "Winter, Kathrin"]
[Black "Ditz, Roland"]
[Result "0-1"]
[WhiteElo "1397"]
[BlackElo "1836"]
[PlyCount "48"]
[EventDate "2006.03.14"]
[EventType "swiss"]
[EventRounds "9"]
[EventCountry "GER"]
[SourceTitle "EXT 2008"]
[Source "ChessBase"]
[SourceDate "2007.11.25"]
[SourceVersion "1"]
[SourceVersionDate "2007.11.25"]
[SourceQuality "1"]

1. e4 c5 2. Nc3 Nc6 3. f4 e6 4. Nf3 Be7 5. Bc4 a6 6. a3 b5 7. Be2 d5 8. exd5 exd5 9. d3 Nf6 10. 0-0 Qc7 11. b3 0-0 12. Qe1 Bd6 13. Qh4 Ne7 14. Ng5 h6 15. Nh3 Nf5 16. Qe1 Re8 17. Qd1 Ne3 18. Bxe3 Rxe3 19. Qd2 d4 20. Ne4 Nxe4 21. dxe4 Bxh3 22. gxh3 Bxf4 23. Bg4 Rg3+ 24. hxg3 Bxd2 0-1

[Event "Leipzig VfB op 13th"]
[Site "Leipzig"]
[Date "2006.03.15"]
[Round "3"]
[White "Ditz, Roland"]
[Black "Hasenclever, Leonard"]
[Result "1/2-1/2"]
[WhiteElo "1836"]
[BlackElo "1481"]
[PlyCount "68"]
[EventDate "2006.03.14"]
[EventType "swiss"]
[EventRounds "9"]
[EventCountry "GER"]
[SourceTitle "EXT 2008"]
[Source "ChessBase"]
[SourceDate "2007.11.25"]
[SourceVersion "1"]
[SourceVersionDate "2007.11.25"]
[SourceQuality "1"]

1. e4 c5 2. Nf3 d6 3. d4 cxd4 4. Nxd4 Nf6 5. Nc3 g6 6. Bg5 Bg7 7. Qd2 0-0 8. Bh6 Nc6 9. Bxg7 Kxg7 10. Bb5 Qb6 11. Bxc6 bxc6 12. 0-0 Bd7 13. Nb3 a5 14. Rab1 c5 15. Qe3 a4 16. Nd2 Bc6 17. Rfe1 Ng4 18. Qg3 Ne5 19. Nd5 Bxd5 20. exd5 Qb4 21. Qe3 Ra7 22. c4 Nxc4 23. Nxc4 Qxc4 24. Qc3+ Qxc3 25. bxc3 Kf6 26. Rb6 Rd8 27. f3 Rdd7 28. Reb1 e6 29. dxe6 fxe6 30. Kf2 Ke7 31. Kg3 d5 32. Kf4 Kf6 33. Re1 Re7 34. Reb1 Red7 1/2-1/2

[Event "Leipzig VfB op 13th"]
[Site "Leipzig"]
[Date "2006.03.15"]
[Round "2"]
[White "Huba, Mark J"]
[Black "Ditz, Roland"]
[Result "1/2-1/2"]
[WhiteElo "1416"]
[BlackElo "1836"]
[PlyCount "106"]
[EventDate "2006.03.14"]
[EventType "swiss"]
[EventRounds "9"]
[EventCountry "GER"]
[SourceTitle "EXT 2008"]
[Source "ChessBase"]
[SourceDate "2007.11.25"]
[SourceVersion "1"]
[SourceVersionDate "2007.11.25"]
[SourceQuality "1"]

1. Nf3 Nc6 2. d3 d5 3. Nbd2 Nf6 4. g3 Bg4 5. Bg2 e5 6. e4 dxe4 7. dxe4 Bc5 8. 0-0 0-0 9. Re1 Re8 10. c3 Qd3 11. Bf1 Bxf3 12. Qxf3 Qxf3 13. Nxf3 Ng4 14. Re2 Rad8 15. h3 Nf6 16. Re1 a6 17. Bg5 Rd6 18. b4 Bb6 19. a4 h6 20. Bc1 Nd7 21. a5 Ba7 22. b5 axb5 23. Bxb5 Rf6 24. Kg2 Bc5 25. a6 bxa6 26. Rxa6 Ndb8 27. Ra8 Kf8 28. Ba3 Bxa3 29. Rxa3 Rd8 30. Ra8 Ke7 31. g4 Rfd6 32. Re3 Nd7 33. Rxd8 Kxd8 34. Nh4 Ne7 35. Nf5 Nxf5 36. gxf5 Ke7 37. Bxd7 Rxd7 38. Kg3 Rd1 39. f4 f6 40. fxe5 fxe5 41. Kh4 Rg1 42. Rg3 Rxg3 43. Kxg3 Kf6 44. h4 g6 45. fxg6 Kxg6 46. Kg4 h5+ 47. Kf3 Kf6 48. Ke3 Ke6 49. Kd3 Kd6 50. Kc4 Kc6 51. Kb4 Kb6 52. Kc4 Kc6 53. Kb4 Kb6 1/2-1/2

[Event "Leipzig VfB op 12th"]
[Site "Leipzig"]
[Date "2005.03.02"]
[Round "3"]
[White "Ditz, Roland"]
[Black "Franke, Helmut"]
[Result "1-0"]
[WhiteElo "1537"]
[BlackElo "2032"]
[PlyCount "69"]
[EventDate "2005.01.03"]
[EventType "swiss"]
[EventRounds "9"]
[EventCountry "GER"]
[SourceTitle "EXT 2008"]
[Source "ChessBase"]
[SourceDate "2007.11.25"]
[SourceVersion "1"]
[SourceVersionDate "2007.11.25"]
[SourceQuality "1"]

1. e4 c6 2. d4 d5 3. Nc3 dxe4 4. Nxe4 Bf5 5. Ng3 Bg6 6. h4 h6 7. h5 Bh7 8. Nf3 Nd7 9. Bd3 Bxd3 10. Qxd3 Ngf6 11. c4 e6 12. Bf4 Qa5+ 13. Ke2 0-0-0 14. a3 Be7 15. b4 Qa4 16. Qc3 Rhe8 17. Rhc1 Ng4 18. Kf1 Bf6 19. Ne4 Be7 20. Nd6+ Bxd6 21. Bxd6 Ndf6 22. Be5 Nxh5 23. b5 f6 24. Bh2 Nxh2+ 25. Nxh2 Kb8 26. Rab1 Rc8 27. Rb4 Qa5 28. Qb3 Qc7 29. Nf3 Re7 30. b6 axb6 31. Rxb6 e5 32. Rb1 Rd8 33. dxe5 Nf4 34. Qa4 fxe5 35. Ra6 1-0

[Event "Leipzig VfB op 12th"]
[Site "Leipzig"]
[Date "2005.03.01"]
[Round "1"]
[White "Ditz, Roland"]
[Black "Friesse, Bernhard"]
[Result "1/2-1/2"]
[WhiteElo "1537"]
[BlackElo "2046"]
[PlyCount "48"]
[EventDate "2005.01.03"]
[EventType "swiss"]
[EventRounds "9"]
[EventCountry "GER"]
[SourceTitle "EXT 2008"]
[Source "ChessBase"]
[SourceDate "2007.11.25"]
[SourceVersion "1"]
[SourceVersionDate "2007.11.25"]
[SourceQuality "1"]

1. e4 c5 2. Nf3 Nc6 3. d4 cxd4 4. Nxd4 e5 5. Nb5 d6 6. N1c3 a6 7. Na3 Nf6 8. Bd3 Be7 9. 0-0 0-0 10. h3 Be6 11. Bc4 b5 12. Bd5 Rc8 13. Ne2 Nb4 14. Bxe6 fxe6 15. Ng3 d5 16. exd5 exd5 17. c3 Nc6 18. Nc2 Bc5 19. Be3 Qb6 20. Bxc5 Qxc5 21. Rc1 Rcd8 22. Ne3 Qd6 23. Nef5 Qd7 24. Qd2 Ne4 1/2-1/2

[Event "Leipzig VfB op 11th"]
[Site "Leipzig"]
[Date "2004.03.19"]
[Round "6"]
[White "Ditz, Roland"]
[Black "Fuchs, Maria"]
[Result "0-1"]
[WhiteElo "1627"]
[BlackElo "1438"]
[PlyCount "44"]
[EventDate "2004.03.16"]
[EventType "swiss"]
[EventRounds "9"]
[EventCountry "GER"]
[SourceTitle "EXT 2007"]
[Source "ChessBase"]
[SourceDate "2006.11.23"]
[SourceVersion "1"]
[SourceVersionDate "2006.11.23"]
[SourceQuality "1"]

1. e4 c5 2. Nf3 Nc6 3. d4 cxd4 4. Nxd4 Nf6 5. Nc3 g6 6. Be3 Bg7 7. Qd2 0-0 8. Rd1 d5 9. exd5 Nxd5 10. Nxd5 Qxd5 11. c4 Qa5 12. Nxc6 Qxd2+ 13. Rxd2 bxc6 14. Be2 Rb8 15. b3 Bc3 16. 0-0 Bxd2 17. Bxd2 Bf5 18. b4 Rfd8 19. Rd1 Bc2 20. Bc3 Bxd1 21. Kf1 Bxe2+ 22. Kxe2 Rb7 0-1

[Event "Leipzig VfB op 11th"]
[Site "Leipzig"]
[Date "2004.03.18"]
[Round "4"]
[White "Ditz, Roland"]
[Black "Hoffmann, Steffen"]
[Result "0-1"]
[WhiteElo "1627"]
[BlackElo "2052"]
[PlyCount "74"]
[EventDate "2004.03.16"]
[EventType "swiss"]
[EventRounds "9"]
[EventCountry "GER"]
[SourceTitle "EXT 2007"]
[Source "ChessBase"]
[SourceDate "2006.11.23"]
[SourceVersion "1"]
[SourceVersionDate "2006.11.23"]
[SourceQuality "1"]

1. e4 c5 2. Nf3 e6 3. d4 cxd4 4. Nxd4 Nc6 5. Nc3 d6 6. Be3 Nf6 7. Be2 Be7 8. 0-0 0-0 9. Qd2 Bd7 10. Ndb5 Ne8 11. Rad1 a6 12. Nd4 b5 13. a3 Nf6 14. f3 Qc7 15. Ndxb5 axb5 16. Nxb5 Qb8 17. Bg5 Rd8 18. b3 Be8 19. a4 d5 20. exd5 Rxd5 21. Qc1 Qb6+ 22. Be3 Bc5 23. Bxc5 Qxc5+ 24. Kh1 Nb4 25. Rxd5 Nfxd5 26. c4 Ne3 27. Re1 Rd8 28. Qc3 Bc6 29. Ra1 h5 30. h3 h4 31. Rg1 Nf5 32. Kh2 Bxb5 33. axb5 Qd6+ 34. g3 Nxg3 35. Rd1 Nd5 36. c5 Nxe2+ 37. cxd6 Nexc3 0-1

[Event "Leipzig VfB op 11th"]
[Site "Leipzig"]
[Date "2004.03.18"]
[Round "5"]
[White "Hoeffner, Felix"]
[Black "Ditz, Roland"]
[Result "1/2-1/2"]
[WhiteElo "1477"]
[BlackElo "1627"]
[PlyCount "180"]
[EventDate "2004.03.16"]
[EventType "swiss"]
[EventRounds "9"]
[EventCountry "GER"]
[SourceTitle "EXT 2007"]
[Source "ChessBase"]
[SourceDate "2006.11.23"]
[SourceVersion "1"]
[SourceVersionDate "2006.11.23"]
[SourceQuality "1"]

1. d4 b6 2. c4 Bb7 3. Nc3 Nf6 4. Bg5 e6 5. e3 Be7 6. Nf3 0-0 7. Bd3 h6 8. Bh4 d5 9. cxd5 exd5 10. 0-0 Nbd7 11. Rc1 c6 12. Bb1 Re8 13. h3 Nh5 14. Bxe7 Qxe7 15. Re1 Nhf6 16. Qd3 Ne4 17. Nh2 Qh4 18. Rc2 Ndf6 19. Nf3 Qh5 20. Ne5 Rac8 21. Ne2 Qh4 22. Nc3 Re6 23. Nf3 Qh5 24. Ne2 Qf5 25. Nf4 Ree8 26. Ne5 Qg5 27. Nf3 Qf5 28. Ne5 h5 29. Qe2 c5 30. g3 c4 31. Kh2 Qg5 32. Rg1 Rc7 33. f3 Nd6 34. Rcc1 Nd7 35. h4 Qh6 36. Nh3 Nxe5 37. dxe5 Rxe5 38. f4 Re8 39. g4 hxg4 40. Rxg4 Bc8 41. Rg3 Nf5 42. Bxf5 Bxf5 43. Rcg1 f6 44. Qg2 Be4 45. Qf2 Kh7 46. f5 Bd3 47. Nf4 Bxf5 48. Nxd5 Qxh4+ 49. Kg2 Be4+ 50. Kf1 Bxd5 51. Rxg7+ Rxg7 52. Qxh4+ Kg8 53. Rxg7+ Kxg7 54. Kf2 Re4 55. Qg3+ Kf7 56. Qc7+ Re7 57. Qd6 Be6 58. Qa3 Rd7 59. Ke1 Re7 60. Qb4 Rc7 61. a4 f5 62. a5 bxa5 63. Qxa5 Re7 64. Kf2 Kf6 65. Kf3 Kf7 66. Kf4 Kf6 67. Qe5+ Kf7 68. e4 fxe4 69. Qxe4 Ke8 70. Qg6+ Kd7 71. Qc2 Ke8 72. Kg5 Kd7 73. Qa4+ Kd6 74. Qb4+ Kd7 75. Qb5+ Kd6 76. Kf4 Kc7 77. Qc5+ Kd8 78. Kg5 Rc7 79. Qf8+ Kd7 80. Kf6 Bd5 81. Ke5 Bc6 82. Qf7+ Kc8 83. Qxc4 Kb7 84. b4 a6 85. Qb3 Bb5 86. Qf3+ Kb6 87. Qe3+ Kb7 88. Qd4 Rc4 89. Qd5+ Kb6 90. Qd8+ Kb7 1/2-1/2